000 00878nam a22002897a 4500
001 4753
003 FISKH
005 20241007093023.0
008 241007b cb ||||| |||| 00| 0 eng d
020 _a9780590472371
040 _aFISKH
_beng
_cFISKH
_dFISKH
050 _aPZ7.H1667
082 _a420
100 _aHalpern, Shari
245 _aMy river /
_cby Shari Halpern
250 _aPublished in 1992
260 _aNew York :
_bScholastic,
_c1992.
300 _a32 pages :
_bColor illustrations ;
_c21 cm
505 _aC
520 _aFrogs, fish, a turtle, and other creatures who live in or around a river state their need for the river, making a plea for protecting this natural resource.
521 8 _a90L
_bLexile
521 8 _aC
_bRaz-Plus
650 _2Fish
_aHabitats
650 _2Animals
_aPicture book
942 _2ddc
_cBK
_n0
999 _c4753
_d4753